Reacondicionamiento de los álabes directrices de una turbina hidráulica tipo Francis en Hidroeléctrica Los Esclavos y su análisis de costos / (Registro nro. 1787)
[ vista simple ]
| 000 -LEADER | |
|---|---|
| campo de control de longitud fija | 01921nam a22003017a 4500 |
| 001 - NÚMERO DE CONTROL | |
| campo de control | 42835 |
| 003 - IDENTIFICADOR DE NÚMERO DE CONTROL | |
| campo de control | gtgccic |
| 005 - FECHA Y HORA DE LA ÚLTIMA TRANSACCIÓN | |
| campo de control | 20250923154247.0 |
| 007 - CAMPO FIJO DE DESCRIPCIÓN FÍSICA--INFORMACIÓN GENERAL | |
| campo de control de longitud fija | ta |
| 008 - DATOS DE LONGITUD FIJA--INFORMACIÓN GENERAL | |
| campo de control de longitud fija | 250911b gt ||||| |||| 00| 0 spa d |
| 040 ## - FUENTE DE CATALOGACIÓN | |
| Centro catalogador/agencia de origen | gtgccic |
| Lengua de catalogación | spa |
| Centro/agencia transcriptor | gtgccic |
| Normas de descripción | rda |
| 084 ## - OTRO NÚMERO DE CLASIFICACIÓN | |
| Número de control del registro de autoridad o número normalizado | TPI-09-0005 |
| 100 10 - ENTRADA PRINCIPAL--NOMBRE DE PERSONA | |
| Nombre de persona | Guillermo Rodolfo Rivera Guirola |
| Fechas asociadas al nombre | Ingeniero Mecánico |
| Término indicativo de función/relación | autor |
| 245 10 - MENCIÓN DEL TÍTULO | |
| Título | Reacondicionamiento de los álabes directrices de una turbina hidráulica tipo Francis en Hidroeléctrica Los Esclavos y su análisis de costos / |
| Mención de responsabilidad, etc. | Rivera Guirola, Guillermo Rodolfo |
| 264 #1 - PRODUCCIÓN, PUBLICACIÓN, DISTRIBUCIÓN, FABRICACIÓN Y COPYRIGHT | |
| Producción, publicación, distribución, fabricación y copyright | Guatemala, Guatemala : |
| Nombre del de productor, editor, distribuidor, fabricante | USAC, Facultad de Ingeniería ; |
| Fecha de producción, publicación, distribución, fabricación o copyright | 2009. - |
| 300 ## - DESCRIPCIÓN FÍSICA | |
| Extensión | xv, 41 p. : |
| Otras características físicas | il. ; |
| Dimensiones | 27 cm |
| 336 ## - TIPO DE CONTENIDO | |
| Fuente | rdacontenido |
| Término de tipo de contenido | Texto |
| Código de tipo de contenido | txt |
| 337 ## - TIPO DE MEDIO | |
| Fuente | rdamedio |
| Nombre/término del tipo de medio | sin mediación |
| Código del tipo de medio | n |
| 338 ## - TIPO DE SOPORTE | |
| Fuente | rdasoporte |
| Nombre/término del tipo de soporte | volumen |
| Código del tipo de soporte | nc |
| 502 ## - NOTA DE TESIS | |
| Nota de tesis | Tesis de Postgrado |
| Tipo de título | Maestro en Ingeniería de Mantenimiento |
| Nombre de la institución que otorga el título | USAC, Facultad de Ingeniería, Escuela de Estudios de Postgrado |
| Año de obtención del título | 2009 |
| Identificador de la tesis | TPI-09-0005 |
| 505 ## - NOTA DE CONTENIDO CON FORMATO | |
| Título | 1. FUNDAMENTOS GENERALES |
| 505 ## - NOTA DE CONTENIDO CON FORMATO | |
| Título | 2. TERMORROCIADO |
| 505 ## - NOTA DE CONTENIDO CON FORMATO | |
| Título | 3. PROPUESTA PARA EL REACONDICIONAMIENTO Y ANÁLISIS DE COSTOS |
| 520 #3 - RESUMEN, ETC. | |
| Sumario, etc. | La Central Hidroeléctrica Los Esclavos, fue puesta en operación en el año 1966. Se ubica en la aldea Los Esclavos, municipio de Cuilapa, Santa Rosa. En verano opera como una central de regulación diaria y en invierno al filo de agua. El agua es conducida a través de un canal a cielo abierto, luego pasa por una tubería forzada, hasta llegar a la casa de máquinas en donde se encuentran dos turbinas tipo Francis de eje vertical. Las piezas asociadas, al funcionamiento de una turbina Francis, están sometidas a un desgaste severo por cavitación y erosión, debido al colapso violento de burbujas de aire en las superficies metálicas y al impacto de partículas sólidas arrastradas por el caudal de agua. |
| 650 ## - PUNTO DE ACCESO ADICIONAL DE MATERIA--TÉRMINO DE MATERIA | |
| Término de materia o nombre geográfico como elemento de entrada | MÁQUINAS HIDRÁULICAS |
| 650 ## - PUNTO DE ACCESO ADICIONAL DE MATERIA--TÉRMINO DE MATERIA | |
| Término de materia o nombre geográfico como elemento de entrada | TURBINAS |
| 942 ## - ELEMENTOS DE ENTRADA SECUNDARIOS (KOHA) | |
| Fuente de la clasificación o esquema de estantería | Clasificación Decimal Dewey |
| Tipo de ítem Koha | TESISPOSTGRADO |
| Estatus retirado | Estado de pérdida | Fuente de la clasificación o esquema de estantería | Estado de daño | No para préstamo | Biblioteca de origen | Biblioteca actual | Fecha de adquisición | Número de inventario | Total de préstamos | Signatura topográfica completa | Código de barras | Visto por última vez | Copia número | Precio de reemplazo | Tipo de ítem Koha |
|---|---|---|---|---|---|---|---|---|---|---|---|---|---|---|---|
| Clasificación Decimal Dewey | CENTRO DE INFORMACIÓN A LA CONSTRUCCIÓN-CICON | CENTRO DE INFORMACIÓN A LA CONSTRUCCIÓN-CICON | 11/09/2025 | P20090005 | TPI-09-0005 | 20080005 | 11/09/2025 | 1 | 11/09/2025 | TESIS |